| 000 | 00946nam a2200217Ia 4500 | ||
|---|---|---|---|
| 003 | Ost | ||
| 005 | 20260507075006.0 | ||
| 008 | 260507s9999||||xx |||||||||||||| ||und|| | ||
| 040 | _cfsecg | ||
| 041 | _aara | ||
| 082 | _a658.4 | ||
| 100 |
_aجاد الله، محمود _eمؤلف |
||
| 245 | 0 |
_aإدارة الأزمات / _c محمود جاد الله |
|
| 260 |
_aعمان: _bدار اسامة, _c2008 |
||
| 300 |
_a272 صفحة؛ _c23 سم |
||
| 504 | _aبيبليوغرافيا: ص. 259 | ||
| 520 | _aفي هذا الكتاب إدارة الأزمات، مفهومها و مستوياتها، فريق المهام الازموية، تمكين العاملين، ادارو الازمات الدولية و العسكرية و الحلول، إدارة الازمات و الضغوط، تطبيق مفاهيم إدارة الأزمات. | ||
| 653 | _aإدارة الأزمات | ||
| 653 | _aالازامات | ||
| 942 | _cكتاب | ||
| 999 |
_c42118 _d42118 |
||